000 00644cam a22002173a 4500
001 42753
003 PGUSA
005 20140828083952.0
008 130520s2013||||xxu|||||s|||||000 | eng d
040 _aPGUSA
_beng
042 _adc
100 1 _aDenney, James,
_d1856-1917
245 1 4 _aThe Expositor's Bible :
_bThe Epistles to the Thessalonians
_h[electronic resource] /
_cJames Denney
260 _bProject Gutenberg,
_c2013
506 _aPublic domain in the USA.
516 _aElectronic text
700 1 _aNicholl, W. Robertson
830 0 _aProject Gutenberg
_v42753
856 4 0 _uhttp://www.gutenberg.org/ebooks/42753
942 _cEB
999 _c272005
_d272005